Normal view
MARC view
- Guilfoyle, Desmond
Entry Personal Name
001 - CONTROL NUMBER
- control field: 112677
003 - CONTROL NUMBER IDENTIFIER
- control field: NUST
005 - DATE AND TIME OF LATEST TRANSACTION
- control field: 20230526104853.0
008 - FIXED-LENGTH DATA ELEMENTS
- fixed length control field: 230526|| aca||aabn | a|a d
040 ## - CATALOGING SOURCE
- Original cataloging agency: NUST
- Transcribing agency: NUST
100 ## - HEADING--PERSONAL NAME
- Personal name: Guilfoyle, Desmond
670 ## - SOURCE DATA FOUND
- Source citation: Work cat.: (NUST)188451: Guilfoyle, Desmond, The charisma effect :, 2008.
